| 000 | 00535nam a22002057a 4500 | ||
|---|---|---|---|
| 008 | 000000b xxu||||| |||| 00| 0 und d | ||
| 041 | _aEng | ||
| 082 |
_a615.1 _bL666 |
||
| 100 | _aClark, Michelle A. | ||
| 245 | _aLippincott's illustrated review; pharmacology | ||
| 260 |
_aNew Delhi _bWolters Kluwer _c2012 |
||
| 300 | _a612p. | ||
| 650 | _aCardiovascular system | ||
| 650 | _aDrug therapy | ||
| 650 | _aEpilepsy | ||
| 650 | _aNervous system | ||
| 650 | _aPharmacology | ||
| 650 | _aRespiratory system | ||
| 942 |
_cGEN _2ddc |
||
| 999 |
_c71153 _d71139 |
||